Buduj vlast - posílíš mír I. československý sjezd obranců mírů

Enregistré dans:
Détails bibliographiques
Format: Livre
Langue:tchèque
Publié: Praha Mír 1951
Tags: Ajouter un tag
Pas de tags, Soyez le premier à ajouter un tag!

MARC

LEADER 00000nam a2200000 4500
001 0312320
005 20250916130627.8
041 0 |a cze 
044 |a CZ 
245 1 0 |a Buduj vlast - posílíš mír  |b I. československý sjezd obranců mírů 
264 1 |a Praha  |b Mír  |c 1951